|
|
|
|
| LEADER |
00000nam a22000007a 4500 |
| 005 |
20190918233945.0 |
| 007 |
cr|||| |||| |
| 008 |
190918s2019 za |||||s|||| 00||0 eng d |
| 020 |
|
|
|a 9786138826330
|
| 035 |
|
|
|a 29363
|
| 040 |
|
|
|a vLex
|
| 090 |
|
|
|c 9570
|d 9570
|
| 100 |
1 |
|
|a Pieterse, Dannyboy
|
| 245 |
1 |
0 |
|a Strenghtening a Correctional Cornerstone
|h [Recurso electrn̤ico] /
|c Dannyboy Pieterse
|
| 256 |
|
|
|a Servicio en ln̕ea
|
| 260 |
|
|
|a Pretoria:
|b Scholars' Press,
|c 2019
|
| 300 |
|
|
|a 1 recurso electrn̤ico
|
| 500 |
|
|
|a “The Department of Correctional Services is a place where inmates, who have done wrong, are corrected. It is the duty of the department to inform the public when releasing inmates on parole. “It is also the responsibility of the public to make sure that parolees behave in their area, if not, then they must inform the department.” This article argues that prisoners should have a right to rehabilitation; this right entails more than the government merely providing sporadic opportunities for rehabilitation, as will be explained. Additionally, although many justifications for prisoner rehabilitation exist, human dignity should be the primary justification for prisoner rehabilitation; this is because the concept of “human dignity” has the strongest ability to promote a concrete, immutable right to rehabilitation for prisoners, rather than merely having vacillating rehabilitative services.
|
| 506 |
1 |
|
|a Disponible solo en los productos indicados
|d vLex Global
|d vLex Global (Academic Edition, excluding Law Schools)
|d vLex Global (U.S. Academic Edition, Law Schools)
|d vLex Global (U.S. Academic Edition, excluding Law Schools)
|d vLex Global (Academic Edition, Law Schools)
|
| 650 |
0 |
4 |
|a Derecho Penal
|z Sudf̀rica
|
| 740 |
0 |
|
|a vLex Libros (Servicio en ln̕ea)
|
| 856 |
4 |
0 |
|u http://vlex.com/source/29363
|z Acceso restringido
|
| 942 |
|
|
|c BOOK
|
| 999 |
0 |
|
|a Criminal law
|